Hazardous Solvent source reduction
Zapisane w:
| Główni autorzy: | , |
|---|---|
| Format: | Książka |
| Język: | angielski |
| Wydane: |
Nueva York
McGraw-Hill
1995
|
| Hasła przedmiotowe: | |
| Etykiety: |
Dodaj etykietę
Nie ma etykietki, Dołącz pierwszą etykiete!
|
MARC
| LEADER | 00000nam a2200000 a 4500 | ||
|---|---|---|---|
| 001 | UCZ7703 | ||
| 003 | CL-VaPUC | ||
| 008 | 960109e19950000US |||||||||||||||||eng|d | ||
| 082 | 0 | 4 | |a 628.52 |b CAL |2 21 |
| 100 | 0 | |a Callahan, Michael S |e author |9 352696 | |
| 700 | 0 | |a Green, Bill |e author |9 352697 | |
| 245 | 1 | 0 | |a Hazardous Solvent source reduction |
| 300 | |a 355 p | ||
| 942 | |c BK | ||
| 945 | |d 19960109 00:00:00 |a rleighto | ||
| 260 | |a Nueva York |b McGraw-Hill |c 1995 | ||
| 650 | 0 | |a Solventes |9 352268 | |
| 650 | 0 | |a Productos químicos |9 326289 | |
| 650 | 7 | |a SOLUCIONES |2 CL-VaPUC |9 352261 | |
| 650 | 0 | |a Tecnología química |9 263002 | |
| 650 | 0 | |a Materiales |9 260800 | |
| 583 | |a last modification |c 19960109 00:00:00 |k Rodrigo Vera | ||
| 999 | |c 243742 |d 243740 | ||
| 952 | |0 0 |1 0 |4 0 |6 628_520000000000000_CAL_1995 |7 0 |8 A |9 257529 |a BIBING |b BIBING |d 2019-11-19 |i 3166791 |l 1 |o 628.52 CAL 1995 |p 3166791 |q 2020-09-30 |r 2020-07-27 |s 2020-07-27 |w 2019-11-19 |y BK |k EIQ | ||